00454nam a2200181 a 4500001001300000003000900013005001700022008004100039020001000080082001900090100001500109245002500124260003800149300000900187500003500196650002600231700001500257nice12345678IN_TiNIC20260116011627.0050524s1935 dela grp 000 0 urd  ac10000a891.4393bALI1 aAli, Hamid aJoharb Urdu Journal aDelhi bMatbua Jamia Press c1935 a192p aincludes index and biblioraphy aUrdu-Literature-essys1 aAli, Hamid